Methods and approaches in forest history

Bibliographic Details
Other Authors: Agnoletti, Mauro, Anderson, S
Format: Book
Published: Wallingford : CABI Publishing , 2000
Series:IUFO Research Series 3
Subjects:

MARC

LEADER 00000cam a2200000 7i4500
001 0000003859
005 20110801.0
020 0 0 |a 0851994202 
090 0 0 |a 634.909   |b LETT 2000 
245 1 0 |a Methods and approaches in forest history   |c edited by M. Agnoletti & S. Anderson 
260 0 0 |a Wallingford :   |b CABI Publishing ,   |c 2000 
300 |a xiv, 281 p. :   |b ill ;   |c 24 cm. 
490 0 1 |a IUFO Research Series 3 
504 0 0 |a Includes bibliographical references 
650 0 0 |a Forest and forestry---congresses 
650 0 0 |a Forest ecology---congresses 
650 0 0 |a Forest management---congresses 
700 0 1 |a Agnoletti, Mauro 
700 0 1 |a Anderson, S 
998 |a JPSM 
999 |a 007370   |b Monograph   |c Open Shelf   |e Default branch